00347cam a2200133ua 4500020000900000041001000009082002300019100002900042245006800071260004800139300001200187365000900199504000500208 c6.00 amalh a894.812308bNAN/KU aNanukuttan, Kavanalaym . aKunjandi chettan / cKavanalayam Nanukuttan.hTextual Documents aTiruvalla : bSouthern book stall , c1963. a466 ; . a6.00 a